000 00783 a2200205 4500
010 _aENG-90047
020 _c650.00
_a0195689077X
035 _aEN-73580
037 _bDBAD / PUB
082 1 4 _a930.10954
090 _c12228
_d12228
100 1 _aRay, Himanshu Prabha
245 1 _aColonial archaeology in South Asia:
_cby Himanshu Prabha Ray
_bthe legacy of Sir Mortimer Wheeler/
260 _aNew Delhi
_bOxford University Press
_c2008
270 _aYMCA Library Building, Jai Singh Road
_bNew Delhi
_cDelhi
_e110001
300 _axii, 291p.:
_c23 cm. (Hb)
_bb&w photos
500 _aIncludes bibliographical references & index.
942 _adpl
_cEN
_k 930.10954 / RAY
999 _c11874
_d11874